Extracto del catálogo de observaciones fisiológicas y clínicas sobre las aguas minerales de Vals, Ardèche / (Record no. 44594)

MARC details
000 -LEADER
campo de control de longitud fija 00626nam a2200181 i 4500
001 - NÚMERO DE CONTROL
campo de control 44594
003 - IDENTIFICADOR DE NÚMERO DE CONTROL
campo de control ES-MaACL
005 - FECHA Y HORA DE LA ÚLTIMA TRANSACCIÓN
campo de control 20230906161048.0
007 - CAMPO FIJO DE DESCRIPCIÓN FÍSICA--INFORMACIÓN GENERAL
campo de control de longitud fija t|
008 - DATOS DE LONGITUD FIJA--INFORMACIÓN GENERAL
campo de control de longitud fija 030321q18501890sp ||||1| spa d
100 1# - ENTRADA PRINCIPAL--NOMBRE DE PERSONA
Nombre de persona Clermont.
9 (RLIN) 39231
245 10 - MENCIÓN DEL TÍTULO
Título Extracto del catálogo de observaciones fisiológicas y clínicas sobre las aguas minerales de Vals, Ardèche /
Mención de responsabilidad, etc. por el doctor Clermont.
250 ## - MENCION DE EDICION
Mención de edición 5ª ed.
260 ## - PUBLICACIÓN, DISTRIBUCIÓN, ETC.
Lugar de publicación, distribución, etc. Paris, etc. ;
-- Madrid, etc. :
Nombre del editor, distribuidor, etc. J.B. Baillière et Fils :
-- Bailly-Baillière,
Fecha de publicación, distribución, etc. [18-?]
300 ## - DESCRIPCIÓN FÍSICA
Extensión 84 p. ;
Dimensiones 25 cm.
650 #4 - PUNTO DE ACCESO ADICIONAL DE MATERIA--TÉRMINO DE MATERIA
Término de materia o nombre geográfico como elemento de entrada Aguas minerales-
Subdivisión geográfica Francia.
9 (RLIN) 135524
852 ## - LOCALIZACIÓN
Ubicación ES-MaACL
Número de control de estantería T-252-F-5
Holdings
Estatus retirado Estado de pérdida Estado de daño No para préstamo Colección Biblioteca de origen Biblioteca actual Ubicación en estantería Fecha de adquisición Fuente de adquisición Total de préstamos Signatura topográfica completa Código de barras Visto por última vez Precio de reemplazo Tipo de ítem Koha
        Colección de folletos Biblioteca del Ateneo de Madrid Biblioteca del Ateneo de Madrid Depósito folletos 17/01/2008     T-252-F-5 1046936 23/02/2023 23/02/2023 Folleto